00411nam a22001697a 4500003000500000005001700005008004100022020001800063040000600081082001700087100002100104245002900125250000800154260003400162300001600196650002900212CEME20210628203551.0210115b xxu||||| |||| 00| 0 eng d a9788131524947 c. a658.4092 DUB aDubrin, Andrew J aPrinciples of leadership a7TH aINDIAbCENGAGE LEARNINGc2014 aXXXII, 534P aPRINCIPLES OF LEADERSHIP